|
|
|
|
| LEADER |
00000nam a2200000 i 4500 |
| 001 |
1/20463 |
| 008 |
010807s2000 eng d |
| 020 |
|
|
|a 3-540-65835-1
|
| 035 |
|
|
|l 10067131
|
| 040 |
|
|
|a GR-MY-UA
|b gre
|e aacr
|
| 041 |
0 |
|
|a eng
|
| 082 |
0 |
|
|a 658.4038
|2 (21)
|
| 100 |
1 |
|
|a Scheer, August-Wilhelm.
|
| 245 |
1 |
0 |
|a ARIS -- business process modeling /
|c August-Wilhelm Scheer
|
| 250 |
|
|
|a 3rd ed.
|
| 260 |
|
|
|a Berlin :
|b Springer,
|c c2000
|
| 300 |
|
|
|a xix, 218 σ.;
|b εικ.;
|c 24 εκ.
|
| 504 |
|
|
|a Περιλαμβάνει βιβλιογραφία (σ.[203]-214) και ευρετήριο.
|
| 650 |
0 |
0 |
|a Business
|x Data processing.
|
| 650 |
0 |
0 |
|a System design.
|
| 650 |
0 |
0 |
|a Computer network architectures.
|
| 650 |
0 |
0 |
|a Information technology.
|
| 852 |
|
|
|a INST
|b SAMOS
|e 20010807
|h 658.4038 SCH
|p 005300020568
|q 005300020568
|t BK
|y 0
|
| 852 |
|
|
|a INST
|b SYROS
|e 20050125
|h 658.4038 SCH
|p 005500004274
|q 005500004274
|t BK
|y 0
|
| 901 |
|
|
|a BIBL5-2005-1
|
| 901 |
|
|
|a BIBL3-2001-2
|
| 909 |
|
|
|a Ε
|b 111640
|
| 909 |
|
|
|a Σ
|b 087133
|
| 920 |
|
|
|a ΔΙΕΥΡΥΝΣΗ
|b ΕΠΕΑΕΚ-ΤΜΣΠΣ
|y ΣΥΡΟΣ
|z 2004-10
|
| 922 |
|
|
|a 3ΕΛΗ
|b 200002
|c ΤΠΕΣ/ΠΟΛ-1
|d LEADER
|
| 970 |
|
|
|a ΚΟΣΙΕΡΗΣ
|b ΧΡΗΣΤΟΣ
|z 2001/08/07
|